000 00575nam a2200229Ia 4500
003 OSt
005 20220926045006.0
006 a|||||r|||| 00| 0
007 ta
008 220923b |||||||| |||| 00| 0 eng d
037 _cGeneral Book
040 _aRTL
_cRTL
_beng
041 _2eng
_aeng
082 _aX9(M7):51.2.N65, J5
110 _aINDIA
_942571
245 0 _aMarket research session as textile
260 _c1965
300 _a68p.
_ccm.
700 _aINDIA
_942572
942 _hX9(M7):51.2.N65, J5
_cGB
_2CC
999 _c676395
_d676395